Temas y variaciones: antología de relatos

Uloženo v:
Podrobná bibliografie
Hlavní autor: Edwards, Jorge (Autor)
Médium: Kniha
Jazyk:španělština
Vydáno: Santiago Universitaria 1969
Edice:Colección Letras de América
Témata:
Tagy: Přidat tag
Žádné tagy, Buďte první, kdo vytvoří štítek k tomuto záznamu!

MARC

LEADER 00000cam a2200000 a 4500
001 UCT1636
003 CL-VaPUC
008 961004e19690000CL |||||||||||||||||spa|d
082 0 4 |a Ch863  |b EDW  |2 21 
100 0 |a Edwards, Jorge  |e author  |9 370590 
245 1 0 |a Temas y variaciones: antología de relatos 
300 |a 196 p 
942 |c BK 
945 |d 19961004 00:00:00  |a nastorga 
260 |a Santiago  |b Universitaria  |c 1969 
650 0 |a Cuentos chilenos   |9 308280 
583 |a last modification  |c 20141107 01:55:27  |k Rodrigo Vera 
490 0 |a Colección Letras de América 
999 |c 252104  |d 252102 
952 |0 0  |1 0  |4 0  |6 CH_863_000000000000000_EDW_1969  |7 0  |8 A  |9 271782  |a BIBEDU  |b BIBEDU  |d 2019-11-19  |i 3234231  |o Ch863 EDW 1969  |p 3234231  |r 2019-11-19  |w 2019-11-19  |y BK  |k LIT 
952 |0 0  |1 0  |4 0  |6 CH_863_000000000000000_EDW_1969  |7 0  |8 A  |9 271783  |a BIBEDU  |b BIBEDU  |d 2019-11-19  |i 3712249  |o Ch863 EDW 1969  |p 3712249  |r 2019-11-19  |w 2019-11-19  |y BK  |k LIT 
952 |0 0  |1 0  |3 erb  |4 0  |6 CH_863_000000000000000_EDW_1969  |7 0  |8 A  |9 271784  |a BIBEDU  |b BIBEDU  |d 2019-11-19  |i 4997042  |o Ch863 EDW 1969  |p 4997042  |r 2019-11-19  |w 2019-11-19  |y BK  |z Catalogado en:20130829  |k LIT 
952 |0 0  |1 0  |3 erb  |4 0  |6 CH_863_000000000000000_EDW_1969  |7 0  |8 ?  |9 271785  |a FDOBUD  |b FDOBUD  |i 5106257  |o Ch863 EDW 1969  |p 5106257  |r 2019-11-19  |w 2019-11-19  |y BK  |z Catalogado en:20141107  |k BUD